Statistics for Azerbaijan Quiz

Click here to take the quiz!

General Stats

  • This quiz has been taken 517 times
  • The average score is 7 of 15

Answer Stats

Hint Answer % Correct
Nation from which they gained independence in 1991Soviet Union
94%
CapitalBaku
92%
Ninety-five percent of the citizens practice this religionIslam
82%
The President serves a _-year term5
72%
Official languageAzerbaijani
71%
Cuisine includes fish from this seaCaspian
69%
At the start of the 20th century, the capital was producing more than 50% of the world supply of ___Oil
60%
Azerbaijanis are the largest minority in this countryIran
58%
Number of administrative districts10
39%
Unofficial national sportFreestyle wrestling
31%
CurrencyManat
26%
Has one of the world's strongest women's leagues in this sportVolleyball
17%
In 2010, this traditional handmade textile was proclaimed a Masterpiece of Intangible Heritage by UNESCOCarpet
16%
Won the European Team _____ Championship in 2009 and 2013Chess
10%
Year their film industry began1898
6%

Score Distribution

Percentile by Number Answered

Percent of People with Each Score

Your Score History

You have not taken this quiz